[Event "ODEM U25A 2011"]
[Site "Oberhof GER"]
[Date "2011.06.16"]
[Round "7"]
[White "Schirra, Felix"]
[Black "Bieg, Pascal"]
[Result "0-1"]
[Termination "normal"]
[Board "29"]
[WhiteElo "1634"]
[BlackElo "1841"]
[PlyCount "108"]
[WhiteFideId "24692662"]
[BlackFideId "12915645"]
[EventCountry "GER"]
[EventRounds "9"]
[EventType "swiss"]
[EventDate "2011.06.11"]

1. e4 c5 2. Nf3 Nc6 3. d4 cxd4 4. Nxd4 Nf6 5. Nc3 e5 6. Ndb5 d6 7. Bg5 a6 8.
Na3 b5 9. Bxf6 gxf6 10. Nd5 f5 11. Bd3 Be6 12. c3 Bg7 13. Nxb5 axb5 14. Bxb5
Bd7 15. exf5 Nb8 16. Qg4 O-O 17. Bd3 Kh8 18. Qh5 f6 19. O-O Nc6 20. Rfe1 Ne7
21. Nxe7 Qxe7 22. Re3 Qf7 23. Qxf7 Rxf7 24. Be4 Ra7 25. Rd3 Bf8 26. b3 Ra3 27.
g4 Be8 28. Rd2 Rfa7 29. Bd5 Kg7 30. Kf1 Bf7 31. Bxf7 Kxf7 32. Rb2 Bh6 33. Ke2
Bf4 34. Kd3 d5 35. f3 Ke7 36. h4 h5 37. Rg2 Rxb3 38. axb3 Rxa1 39. g5 fxg5 40.
hxg5 Rf1 41. f6+ Kf8 42. g6 Rxf3+ 43. Ke2 Rg3 44. Rxg3 Bxg3 45. Kf3 Bh4 46. f7
Kg7 47. c4 dxc4 48. bxc4 Be7 49. Ke4 h4 50. Kxe5 h3 51. Ke6 Bf8 52. Kd5 h2 53.
c5 h1=Q+ 54. Kc4 Qc6 0-1

[Event "ODEM U25A 2011"]
[Site "Oberhof GER"]
[Date "2011.06.16"]
[Round "7"]
[White "Garbe, Maximilian"]
[Black "Planner, Jörg"]
[Result "0-1"]
[Termination "normal"]
[Board "30"]
[WhiteElo "1686"]
[BlackElo "1844"]
[PlyCount "58"]
[WhiteFideId "12913855"]
[BlackFideId "1270978"]
[EventCountry "GER"]
[EventRounds "9"]
[EventType "swiss"]
[EventDate "2011.06.11"]

1. e4 c5 2. Nf3 Nc6 3. d4 cxd4 4. Nxd4 Nf6 5. Nc3 e5 6. Nb3 Bb4 7. Bg5 h6 8.
Bxf6 Qxf6 9. a3 Bxc3+ 10. bxc3 d6 11. Bb5 O-O 12. Bxc6 bxc6 13. Na5 Ba6 14.
Nxc6 Bb7 15. Nb4 Bxe4 16. f3 Bb7 17. O-O Rac8 18. Qd3 a5 19. Nd5 Bxd5 20. Qxd5
Rc5 21. Qd2 Rfc8 22. Rfd1 Rxc3 23. Qxd6 Qxd6 24. Rxd6 Rxc2 25. Rd5 Re2 26. Rxa5
Rcc2 27. g3 Rg2+ 28. Kf1 Rxh2 29. Rxe5 Rh1# 0-1

[Event "ODEM U25A 2011"]
[Site "Oberhof GER"]
[Date "2011.06.16"]
[Round "7"]
[White "Kardoeus, David"]
[Black "George, Tom"]
[Result "1-0"]
[Termination "normal"]
[Board "31"]
[WhiteElo "1730"]
[BlackElo "1855"]
[PlyCount "99"]
[WhiteFideId "12912050"]
[BlackFideId "24659487"]
[EventCountry "GER"]
[EventRounds "9"]
[EventType "swiss"]
[EventDate "2011.06.11"]

1. b3 d5 2. Bb2 Nf6 3. Nf3 c5 4. e3 Nc6 5. Bb5 Bd7 6. O-O e6 7. d3 Bd6 8. Nbd2
a6 9. Bxc6 Bxc6 10. Ne5 Qc7 11. f4 O-O-O 12. Ndf3 h6 13. Rc1 Kb8 14. c4 dxc4
15. bxc4 Rhg8 16. Qe2 Be8 17. Rb1 Nd7 18. Bc3 f6 19. Ba5 Qc8 20. Bxd8 fxe5 21.
fxe5 Nxe5 22. Nxe5 Bxe5 23. Bb6 Bg6 24. Rb3 Rf8 25. Rxf8 Qxf8 26. Qf3 Qxf3 27.
gxf3 Bd6 28. d4 cxd4 29. Bxd4 Bf8 30. Be5+ Kc8 31. Kg2 Be8 32. c5 Bc6 33. Rd3
g6 34. Bd6 Bxd6 35. Rxd6 Bd5 36. a3 Kc7 37. e4 Bb3 38. Kg3 a5 39. Rb6 Bc4 40.
Kf4 g5+ 41. Kg4 Kd7 42. Kh5 Be2 43. Rxb7+ Kc6 44. Rb3 Kxc5 45. Kxh6 g4 46. f4
Kd4 47. f5 Bc4 48. Rg3 Ke5 49. Rxg4 Be2 50. Kg5 1-0

[Event "ODEM U25A 2011"]
[Site "Oberhof GER"]
[Date "2011.06.16"]
[Round "7"]
[White "Orhan, Eda"]
[Black "Dohmann, Dorothea"]
[Result "1-0"]
[Termination "normal"]
[Board "32"]
[WhiteElo "1759"]
[BlackElo "1797"]
[PlyCount "137"]
[WhiteFideId "24659258"]
[BlackFideId "12915459"]
[EventCountry "GER"]
[EventRounds "9"]
[EventType "swiss"]
[EventDate "2011.06.11"]

1. d4 d5 2. Nf3 Bf5 3. e3 e6 4. c4 Nc6 5. a3 Nf6 6. Nc3 Be7 7. Be2 O-O 8. O-O
Ne4 9. cxd5 exd5 10. Qb3 Nxc3 11. bxc3 Na5 12. Qa4 c6 13. c4 dxc4 14. Bd2 Nb3
15. Ra2 b5 16. Qa6 Qb6 17. Qxb6 axb6 18. a4 Rxa4 19. Rxa4 bxa4 20. Bxc4 Nxd2
21. Nxd2 a3 22. Ra1 b5 23. Ba2 Be6 24. Bxe6 fxe6 25. Nb3 Ra8 26. Kf1 Ra4 27.
Ke2 Rc4 28. Kd3 Bb4 29. Rc1 Rxc1 30. Nxc1 c5 31. dxc5 Bxc5 32. Na2 b4 33. Kc4
Bd6 34. h3 h5 35. Kb3 Kf7 36. Nc1 Kf6 37. Ne2 g6 38. Nd4 Ke5 39. Kc4 $11 39...
Ke4 40. Nc2 Be5 41. Nxb4 Bb2 42. Kb3 h4 43. Kc2 g5 44. Kd2 Ke5 45. f3 Kd6 46.
Kc2 Kc5 47. Kb3 e5 48. Nd3+ Kb5 49. Nxb2 axb2 50. Kxb2 Kb4 51. Kc2 Kc4 52. Kd2
Kc5 53. Kc3 Kd5 54. Kd3 e4+ 55. fxe4+ Ke5 56. Ke2 Kxe4 57. Kf2 Ke5 58. Kf3 Kf5
59. e4+ Ke5 60. Ke3 Ke6 61. Kd4 Kd6 62. e5+ Ke6 63. Ke4 Kd7 64. Kf5 Ke7 65.
Kxg5 Ke6 66. Kxh4 Kxe5 67. Kg5 Ke6 68. Kg6 Ke7 69. Kg7 1-0

[Event "ODEM U25A 2011"]
[Site "Oberhof GER"]
[Date "2011.06.16"]
[Round "7"]
[White "Winterholler, Christina"]
[Black "Mehling, Franziska"]
[Result "1-0"]
[Termination "normal"]
[Board "33"]
[WhiteElo "1669"]
[BlackElo "1542"]
[PlyCount "47"]
[WhiteFideId "24652105"]
[BlackFideId "12900133"]
[EventCountry "GER"]
[EventRounds "9"]
[EventType "swiss"]
[EventDate "2011.06.11"]

1. e4 c5 2. Nf3 a6 3. d3 e6 4. g3 b5 5. Bg2 Bb7 6. Qe2 d5 7. Nbd2 Nf6 8. O-O
Be7 9. Re1 Qb6 10. c3 Nc6 11. Nf1 a5 12. e5 Nd7 13. Bf4 b4 14. c4 d4 15. N3d2
Na7 16. h4 a4 17. Ne4 Nc8 18. Nfd2 Nf8 19. Qg4 Rg8 20. h5 b3 21. a3 Qa5 22.
Nf6+ Bxf6 23. Bxb7 Ra7 24. Bc6+ 1-0

[Event "ODEM U25A 2011"]
[Site "Oberhof GER"]
[Date "2011.06.16"]
[Round "7"]
[White "Wastian, Jan"]
[Black "Holle, Eric"]
[Result "0-1"]
[Termination "normal"]
[Board "35"]
[WhiteElo "1524"]
[BlackElo "1685"]
[PlyCount "56"]
[WhiteFideId "12911640"]
[BlackFideId "4624610"]
[EventCountry "GER"]
[EventRounds "9"]
[EventType "swiss"]
[EventDate "2011.06.11"]

1. e4 e6 2. d4 d5 3. e5 c5 4. c3 Nc6 5. Nf3 Qb6 6. a3 c4 7. Nbd2 f6 8. Be2 fxe5
9. Nxe5 Nxe5 10. dxe5 Bc5 11. O-O Bd7 12. Qc2 Ne7 13. b4 cxb3 14. Nxb3 O-O 15.
Nxc5 Qxc5 16. a4 Rf7 17. Ba3 Qc7 18. Bd6 Qa5 19. Rfb1 Bc6 20. c4 Nf5 21. c5 Nd4
22. Qd3 Nxe2+ 23. Qxe2 Rf4 24. Qc2 Rd8 25. Rb2 Rxa4 26. Rab1 Rd7 27. Qd1 Rf7
28. Qg4 Rxg4 0-1

[Event "ODEM U25A 2011"]
[Site "Oberhof GER"]
[Date "2011.06.16"]
[Round "7"]
[White "Brühan, Caren"]
[Black "Müller, Max"]
[Result "0-1"]
[Termination "normal"]
[Board "36"]
[WhiteElo "1637"]
[BlackElo "1639"]
[PlyCount "96"]
[WhiteFideId "24691976"]
[BlackFideId "12900486"]
[EventCountry "GER"]
[EventRounds "9"]
[EventType "swiss"]
[EventDate "2011.06.11"]

1. d4 Nf6 2. Nf3 e6 3. e3 c5 4. c3 d5 5. Bd3 Nc6 6. O-O Be7 7. Re1 O-O 8. Nbd2
b6 9. Qc2 cxd4 10. exd4 Bb7 11. h3 Rc8 12. Ne5 Nxd4 13. Qb1 Nc6 14. Ndf3 Nxe5
15. Rxe5 Bd6 16. Re1 Re8 17. Bg5 h6 18. Be3 e5 19. Be2 e4 20. Nd4 Bb8 21. Qd1
Qc7 22. g3 g5 23. Qd2 Nh7 24. Nf5 Qc6 25. Bg4 Rcd8 26. Qd4 Be5 27. Qb4 Qf6 28.
h4 h5 29. hxg5 Nxg5 30. Bxg5 Qxg5 31. Bh3 Bc8 32. Rad1 Bxf5 33. Bxf5 Qxf5 34.
Qa4 Qd7 35. Qxd7 Rxd7 36. Rxe4 dxe4 37. Rxd7 a5 38. Rd5 f6 39. Kh2 Kf7 40. Kg2
Rg8 41. Rb5 Rb8 42. f4 exf3+ 43. Kxf3 Rg8 44. Rxb6 Rxg3+ 45. Ke4 h4 46. Rb7+
Kg6 47. Rd7 h3 48. Rd1 h2 0-1

[Event "ODEM U25A 2011"]
[Site "Oberhof GER"]
[Date "2011.06.16"]
[Round "7"]
[White "Schreiber, Justina"]
[Black "Zeller, Lukas"]
[Result "0-1"]
[Termination "normal"]
[Board "37"]
[WhiteElo "1467"]
[BlackElo "1662"]
[PlyCount "68"]
[WhiteFideId "24661570"]
[BlackFideId "1271152"]
[EventCountry "GER"]
[EventRounds "9"]
[EventType "swiss"]
[EventDate "2011.06.11"]

1. e4 e5 2. Bc4 Nc6 3. Nf3 Bc5 4. d3 h6 5. Be3 Bb6 6. Nbd2 Nf6 7. Qe2 d6 8. h3
Nd4 9. Nxd4 exd4 10. Bf4 O-O 11. O-O Re8 12. Qf3 Be6 13. e5 dxe5 14. Bxe5 Bd5
15. Bxd5 Nxd5 16. Bg3 c6 17. a3 Re6 18. Nc4 Qe7 19. Qd1 Re8 20. Nd2 Nf6 21. Nf3
c5 22. Re1 Ba5 23. Rxe6 Qxe6 24. Kf1 Nd5 25. Ne5 Bc7 26. Ng4 Bxg3 27. fxg3 h5
28. Kg1 hxg4 29. Qxg4 Qxg4 30. hxg4 Re3 31. Kf2 g5 32. Re1 Rxe1 33. Kxe1 a5 34.
Ke2 b5 0-1

[Event "ODEM U25A 2011"]
[Site "Oberhof GER"]
[Date "2011.06.16"]
[Round "7"]
[White "Dietrich, Franz"]
[Black "Usczeck, Lukas"]
[Result "0-1"]
[Termination "normal"]
[Board "38"]
[WhiteElo "1509"]
[BlackElo "1524"]
[PlyCount "62"]
[WhiteFideId "1270312"]
[BlackFideId "12937827"]
[EventCountry "GER"]
[EventRounds "9"]
[EventType "swiss"]
[EventDate "2011.06.11"]

1. e4 d5 2. exd5 Qxd5 3. Nc3 Qa5 4. d4 Nf6 5. Bd3 Nc6 6. Nf3 Bg4 7. Bb5 Ne4 8.
Qd3 Nxc3 9. bxc3 Bxf3 10. Bxc6+ Bxc6 11. O-O Qd5 12. f3 Bb5 13. Qd1 Bxf1 14.
Qxf1 e6 15. Be3 Bd6 16. c4 Qh5 17. h3 O-O 18. Bf2 c5 19. c3 Qg5 20. Qd1 cxd4
21. cxd4 Bg3 22. Rb1 Bxf2+ 23. Kxf2 Rab8 24. Rb5 Qe7 25. Qd3 Rfd8 26. Rh5 g6
27. Rb5 Qh4+ 28. Ke3 a6 29. Rb2 Qg5+ 30. Kf2 b5 31. c5 Qxc5 0-1

[Event "ODEM U25A 2011"]
[Site "Oberhof GER"]
[Date "2011.06.16"]
[Round "7"]
[White "Hoffmann, Dustin"]
[Black "Wissel, Florian"]
[Result "1/2-1/2"]
[Termination "normal"]
[Board "39"]
[WhiteElo "1728"]
[BlackElo "1676"]
[PlyCount "70"]
[WhiteFideId "1270566"]
[EventCountry "GER"]
[EventRounds "9"]
[EventType "swiss"]
[EventDate "2011.06.11"]

1. e4 d5 2. exd5 Qxd5 3. Nc3 Qa5 4. Nf3 Nf6 5. d4 c6 6. Bc4 Bg4 7. Bd2 Qc7 8.
O-O e6 9. Re1 Bd6 10. h3 Bh5 11. Ne4 Nxe4 12. Rxe4 O-O 13. Bc3 Nd7 14. Bd3 Bg6
15. Rh4 Be7 16. Rg4 f5 17. Rg3 f4 18. Rxg6 hxg6 19. Bxg6 Rf6 20. Bd3 Rh6 21.
Qe2 Re8 22. Nh2 Bd6 23. Ng4 Rh4 24. Re1 b5 25. b3 a6 26. Qe4 Nf8 27. Ra1 c5 28.
dxc5 Qxc5 29. Bd4 Qd5 30. a4 Qxe4 31. Bxe4 e5 32. Bb2 b4 33. Rd1 Bc7 34. Rd5
Re7 35. Rc5 Ne6 1/2-1/2